| 000 | 00412nam a2200157 a 4500 | ||
|---|---|---|---|
| 001 | 3458 | ||
| 003 | CDMR | ||
| 005 | 20131003134322.0 | ||
| 008 | 130130s1963||||||||||||||||||||||||||||d | ||
| 040 |
_aCDMR _bcat _cCDMR |
||
| 100 | 1 |
_aCazeneuve, Jean _9751 |
|
| 245 | 1 | 0 | _aSociologie de la radio-télévision |
| 260 |
_aParis _c1963 _bPresses Universitaires de France |
||
| 490 | 0 |
_aQue sais-je? _v1026 |
|
| 942 |
_cMON _2udc |
||
| 999 |
_c3458 _d3458 |
||